Religion Quiz

Random Religion or Country Quiz

Second Largest Religion by Country Quiz Stats

 Plays Quiz Updated May 29, 2018

Challenge
Share
Tweet
Embed
Score 0/30 Timer 05:00
4 Plays Today
Country Second Largest Religion % Correct
United KingdomIslam
81.3%
FranceIslam
80.5%
GermanyIslam
79.9%
SpainIslam
79.9%
ItalyIslam
79.2%
IndiaIslam
79.1%
EgyptChristianity
79.1%
RussiaIslam
78.9%
TurkeyChristianity
78.9%
PhilippinesIslam
78.6%
EthiopiaIslam
78.5%
KenyaIslam
77.9%
Dem. Rep. of the CongoIslam
77.7%
NigeriaChristianity
77.6%
TanzaniaIslam
77%
Country Second Largest Religion % Correct
South AfricaIslam
76.4%
IndonesiaChristianity
75.8%
ThailandIslam
74.4%
United StatesJudaism
72.6%
VietnamChristianity
70.2%
JapanBuddhism
69.7%
PakistanHinduism
69.5%
BangladeshHinduism
69.4%
MyanmarChristianity
69.2%
South KoreaBuddhism
67.4%
MexicoJudaism
57.5%
ChinaBuddhism
55.5%
ColombiaBaha'i Faith
36.1%
BrazilSpiritist
26.1%
IranBaha'i Faith
20%

You're not logged in!

Compare scores with friends on all Sporcle quizzes.
OR
Log In

You Might Also Like...

Show Comments

Extras

Top Quizzes Today


Score Distribution

Your Account Isn't Verified!

In order to create a playlist on Sporcle, you need to verify the email address you used during registration. Go to your Sporcle Settings to finish the process.

Report this User

Report this user for behavior that violates our Community Guidelines.

Details: